| 000 | 00949nam a22002177a 4500 | ||
|---|---|---|---|
| 003 | BD-DhUL | ||
| 005 | 20181126134039.0 | ||
| 008 | 160127s1991 bg ||||| |||| 00| 0 ben | ||
| 020 | _a9844011272 | ||
| 040 |
_aBD-DhUL _cBD-DhUL |
||
| 082 |
_a954.92 _bHAB |
||
| 100 | 1 | _aহাননান, মোহাম্মদ। | |
| 245 | 1 | 0 |
_aবাংলাদেশের ছাত্র আন্দোলনের ইতিহাস : _b৩য় খণ্ড : প্রাক-মুক্তিযুদ্ধ পর্ব / _cমোহাম্মদ হাননান। |
| 260 |
_aঢাকা : _bআগামী, _c১৯৯১। |
||
| 300 |
_a খ. ; _c২২ সেমি. |
||
| 365 |
_aBDT _b140.00 |
||
| 504 | _aগ্রন্থপঞ্জি গত তথ্য ও নির্ঘন্ট সংবলিত। | ||
| 651 | 4 |
_aবাংলাদেশ _xইতিহাস |
|
| 651 | 4 |
_aBangladesh _xHistory |
|
| 942 |
_2ddc _cBK |
||
| 999 |
_c104890 _d104890 |
||